Tecnologías de la información y las comunicaciones (Registro nro. 620)

Detalles MARC
000 -LEADER
fixed length control field 01220 a2200229 4500
001 - CONTROL NUMBER
control field 15172
005 - DATE AND TIME OF LATEST TRANSACTION
control field 20260407155449.0
008 - FIXED-LENGTH DATA ELEMENTS--GENERAL INFORMATION
fixed length control field 260407a2000 arg spa d
003 - CONTROL NUMBER IDENTIFIER
control field AR-UNSa-BCEJYS
040 ## - CATALOGING SOURCE
Original cataloging agency AR-UNSa-BCEJYS
Language of cataloging spa
Transcribing agency AR-UNSa-BCEJYS
080 ## - UNIVERSAL DECIMAL CLASSIFICATION NUMBER
Universal Decimal Classification number 004
Common auxiliary subdivision Ciencia y tecnología de los ordenadores. Informática
020 ## - INTERNATIONAL STANDARD BOOK NUMBER
International Standard Book Number 950-537-507-7
100 1# - MAIN ENTRY--PERSONAL NAME
Personal name Freijedo, Claudio Felipe
245 10 - TITLE STATEMENT
Title Tecnologías de la información y las comunicaciones
264 #1 - PRODUCTION, PUBLICATION, DISTRIBUTION, MANUFACTURE, AND COPYRIGHT NOTICE
Place of production, publication, distribution, manufacture Buenos Aires :
Name of producer, publisher, distributor, manufacturer Ediciones Macchi
Date of production, publication, distribution, manufacture, or copyright notice 2000
300 ## - PHYSICAL DESCRIPTION
Extent xvii, 202 p.
Dimensions 25 cm.
505 ## - FORMATTED CONTENTS NOTE
Formatted contents note 1. Desarrollo histórico de la computación - 2. Conceptos sobre componentes de un sistema de cómputos - 3. Conceptos de software - 4. Conceptos de telemática - 5. Introducción a las redes - 6. Internet, la red de redes - 7. Organización de datos e información - 8. Los sistemas de información - 9. Análisis y diseño de sistemas de información - 10. Cuestiones éticas, legales y de la salud
590 ## - LOCAL NOTE (RLIN)
Local note niveau_biblio:m niveau_hierar:0
700 1# - ADDED ENTRY--PERSONAL NAME
Personal name Cortagerena, Alicia B.
856 41 - ELECTRONIC LOCATION AND ACCESS
Uniform Resource Identifier <a href="https://biblioeco.unsa.edu.ar/pmb/images/libros/Tecnologias de la informacion y las comunicaciones2-l119004.jpg">https://biblioeco.unsa.edu.ar/pmb/images/libros/Tecnologias de la informacion y las comunicaciones2-l119004.jpg</a>
Link text Imagen de portada
Electronic format type image/jpeg
942 ## - ADDED ENTRY ELEMENTS (KOHA)
Koha item type
Existencias
Withdrawn status Lost status Damaged status Not for loan Home library Current library Shelving location Date acquired Total checkouts Full call number Barcode Date last seen Price effective from Koha item type
        Biblioteca Prof. Eusebio Cleto del Rey Biblioteca Prof. Eusebio Cleto del Rey   07/04/2026   004 F862 L119004 07/04/2026 07/04/2026 Libro